[Event "URU-chT"]
[Site "Montevideo"]
[Date "2023.07.23"]
[Round "4.3"]
[White "Lanzilotta Mernies, Marcelo"]
[Black "Rodriguez Buela, Martin"]
[Result "0-1"]
[WhiteElo "1929"]
[BlackElo "1709"]
[PlyCount "34"]
[EventDate "2023.07.21"]
[EventType "team-tourn"]
[EventRounds "5"]
[EventCountry "URU"]
[SourceTitle "CBM 215 Extra"]
[Source "ChessBase"]
[SourceDate "2023.09.30"]
[SourceVersion "1"]
[SourceVersionDate "2023.09.30"]
[SourceQuality "1"]
[WhiteTeam "Trebejos II"]
[BlackTeam "La Proa Pejotas"]
[WhiteTeamCountry "URU"]
[BlackTeamCountry "URU"]

1. e4 e6 2. d3 d5 3. Nd2 Nf6 4. Ngf3 Nc6 5. g3 Bc5 6. Bg2 dxe4 7. dxe4 e5 8. 0-0 0-0 9. c3 a5 10. a4 b6 11. Qb3 Ba6 12. Re1 Ng4 13. Rf1 Bxf1 14. Bxf1 Nxf2 15. Kg2 Qd7 16. Ng1 Nd3 17. Qd5 Nf4+ 0-1

[Event "Montevideo La Proa 1800+ op"]
[Site "Montevideo"]
[Date "2022.04.10"]
[Round "4"]
[White "Zas, Gianfranco"]
[Black "Lanzilotta Mernies, Marcelo"]
[Result "0-1"]
[WhiteElo "1494"]
[BlackElo "1978"]
[PlyCount "40"]
[EventDate "2022.04.09"]
[EventType "swiss"]
[EventRounds "5"]
[EventCountry "URU"]
[SourceTitle "EXT 2023"]
[Source "ChessBase"]
[SourceDate "2022.10.05"]
[SourceVersion "1"]
[SourceVersionDate "2022.10.05"]
[SourceQuality "1"]

1. e4 g6 2. d4 c5 3. c3 cxd4 4. cxd4 Bg7 5. Nf3 d6 6. Nc3 Nf6 7. Be2 0-0 8. 0-0 Nc6 9. h3 a6 10. a3 b5 11. b4 Bb7 12. Bg5 Rc8 13. Qd2 d5 14. Bxf6 exf6 15. Rac1 dxe4 16. Nxe4 f5 17. Nc5 Nxd4 18. Nxd4 Bxd4 19. Bxb5 Bxc5 20. Qxd8 Rfxd8 0-1

[Event "Montevideo Contra el Bicho op"]
[Site "Montevideo"]
[Date "2020.09.11"]
[Round "5"]
[White "Grierson, Alejandro"]
[Black "Lanzilotta Mernies, Marcelo"]
[Result "0-1"]
[WhiteElo "1709"]
[BlackElo "2007"]
[PlyCount "62"]
[EventDate "2020.08.28"]
[EventType "swiss"]
[EventRounds "6"]
[EventCountry "URU"]
[SourceTitle "EXT 2021"]
[Source "ChessBase"]
[SourceDate "2020.10.23"]
[SourceVersion "1"]
[SourceVersionDate "2020.10.23"]
[SourceQuality "1"]

1. e4 c5 2. Nf3 d6 3. d4 cxd4 4. Nxd4 Nf6 5. Nc3 g6 6. Bd3 Bg7 7. 0-0 0-0 8. f3 Nc6 9. Nb3 d5 10. exd5 Nxd5 11. Nxd5 Qxd5 12. Be4 Qb5 13. a4 Qb6+ 14. Kh1 Rd8 15. Qe2 Be6 16. Be3 Qb4 17. Nc5 Bc4 18. Bd3 Ne5 19. Bxc4 Qxc4 20. Qxc4 Nxc4 21. Rfe1 Nxe3 22. Rxe3 Bd4 23. Rxe7 Bxc5 24. Rxb7 Rd2 25. b4 Rad8 26. g3 Rd1+ 27. Rxd1 Rxd1+ 28. Kg2 Rd2+ 29. Kh3 Bg1 30. c4 h5 31. c5 Rxh2# 0-1

[Event "URU-ch sf"]
[Site "Montevideo"]
[Date "2020.02.25"]
[Round "7"]
[White "Larrea, Manuel"]
[Black "Lanzilotta Mernies, Marcelo"]
[Result "1-0"]
[WhiteElo "2243"]
[BlackElo "2003"]
[PlyCount "59"]
[EventDate "2020.02.21"]
[EventType "swiss"]
[EventRounds "8"]
[EventCountry "URU"]
[SourceTitle "CBM 195 Extra"]
[Source "ChessBase"]
[SourceDate "2020.05.31"]
[SourceVersion "1"]
[SourceVersionDate "2020.05.31"]
[SourceQuality "1"]

1. e4 c5 2. Nf3 d6 3. d4 cxd4 4. Nxd4 Nf6 5. Nc3 g6 6. Be3 Bg7 7. f3 0-0 8. Qd2 Nc6 9. Bc4 Bd7 10. h4 h5 11. 0-0-0 Ne5 12. Bb3 Rc8 13. Rdg1 Nc4 14. Bxc4 Rxc4 15. g4 b5 16. Nf5 b4 17. Ne2 Bxf5 18. gxf5 Qa5 19. Kb1 Rfc8 20. Nd4 Qe5 21. fxg6 Nxe4 22. gxf7+ Kh8 23. fxe4 Rxc2 24. Qd1 R2c4 25. Qf3 Bf6 26. Rg5 Bxg5 27. f8Q+ Rxf8 28. Qxf8+ Kh7 29. Qf7+ Kh8 30. Qxh5+ 1-0

[Event "Las Canas op"]
[Site "Las Canas"]
[Date "2020.01.11"]
[Round "4"]
[White "Hoffman, Alejandro"]
[Black "Lanzilotta Mernies, Marcelo"]
[Result "1-0"]
[WhiteElo "2469"]
[BlackElo "1992"]
[PlyCount "95"]
[EventDate "2020.01.10"]
[EventType "swiss"]
[EventRounds "5"]
[EventCountry "URU"]
[SourceTitle "CBM 194 Extra"]
[Source "ChessBase"]
[SourceDate "2020.03.31"]
[SourceVersion "1"]
[SourceVersionDate "2020.03.31"]
[SourceQuality "1"]

1. Nf3 d5 2. c4 dxc4 3. Qa4+ Qd7 4. Qxc4 Qc6 5. e4 e6 6. Nc3 Qxc4 7. Bxc4 c6 8. d4 Nd7 9. Be3 Ngf6 10. Ke2 b5 11. Bd3 Be7 12. e5 Nd5 13. Nxd5 exd5 14. Rhc1 Bb7 15. a4 bxa4 16. Rxa4 Nb6 17. Ra2 a5 18. b3 0-0 19. Rca1 Bb4 20. Bd2 Rfb8 21. Bxb4 axb4 22. Rxa8 Rxa8 23. Rxa8+ Nxa8 24. Ne1 Nc7 25. Nc2 Ne6 26. Bf5 Ba6+ 27. Ke3 Nd8 28. Nxb4 Bb5 29. Bd7 Kf8 30. Nxd5 Bf1 31. Nb4 Bxg2 32. f3 g5 33. Nxc6 Ne6 34. Nb4 Ke7 35. Bc6 f5 36. Nd5+ Kf7 37. Nf6 h5 38. Be8+ Ke7 39. Bxh5 Bf1 40. d5 Nf4 41. d6+ Ke6 42. Kd4 Ne2+ 43. Kc5 Kxe5 44. d7 Nf4 45. Bf7 Kxf6 46. d8Q+ Kxf7 47. Kd6 Be2 48. Qxg5 1-0

[Event "Punta del Este Interdepartamental"]
[Site "Punta del Este"]
[Date "2019.08.23"]
[Round "1.3"]
[White "Lanzilotta Mernies, Marcelo"]
[Black "Pereira, Gerardo"]
[Result "1-0"]
[WhiteElo "1970"]
[BlackElo "1331"]
[PlyCount "63"]
[EventDate "2019.08.23"]
[EventType "team-swiss"]
[EventRounds "5"]
[EventCountry "URU"]
[SourceTitle "EXT 2020"]
[Source "ChessBase"]
[SourceDate "2019.10.17"]
[SourceVersion "1"]
[SourceVersionDate "2019.10.17"]
[SourceQuality "1"]
[WhiteTeam "Montevideo Trebejos"]
[BlackTeam "Colonia"]
[WhiteTeamCountry "URU"]
[BlackTeamCountry "URU"]

1. e4 e5 2. Nf3 d6 3. d4 Nf6 4. Bc4 h6 5. dxe5 Nfd7 6. 0-0 Nc6 7. e6 Nde5 8. exf7+ Nxf7 9. Bxf7+ Kxf7 10. Qd5+ Be6 11. Qh5+ Kg8 12. Nc3 Qe8 13. Qb5 b6 14. Nd5 a6 15. Qc4 b5 16. Ne7+ Kf7 17. Qxc6 Bxe7 18. Qxc7 Rc8 19. Qb7 Qc6 20. Qxc6 Rxc6 21. Nd4 Rc4 22. c3 Bd7 23. Be3 b4 24. cxb4 Rxb4 25. b3 Bf6 26. Rad1 Rc8 27. Rd2 a5 28. f4 a4 29. e5 Be7 30. exd6 Bxd6 31. Nc2 Bc5 32. Bxc5 1-0

[Event "URU-chTA"]
[Site "Montevideo"]
[Date "2018.07.07"]
[Round "3.24"]
[White "Ibanez, Marcelo"]
[Black "Lanzilotta Mernies, Marcelo"]
[Result "1-0"]
[WhiteElo "2052"]
[BlackElo "1958"]
[PlyCount "83"]
[EventDate "2018.07.06"]
[EventType "team-swiss"]
[EventRounds "5"]
[EventCountry "URU"]
[SourceTitle "EXT 2019"]
[Source "ChessBase"]
[SourceDate "2018.10.10"]
[SourceVersion "1"]
[SourceVersionDate "2018.10.10"]
[SourceQuality "1"]
[WhiteTeam "Trebejos Piratas"]
[BlackTeam "Trebejos"]
[WhiteTeamCountry "URU"]
[BlackTeamCountry "URU"]

1. c4 c6 2. g3 d5 3. cxd5 cxd5 4. Bg2 e5 5. Qb3 Nf6 6. Nc3 e4 7. d3 exd3 8. Bg5 Bc5 9. Qb5+ Nbd7 10. Nxd5 d2+ 11. Bxd2 a6 12. Qc4 Nxd5 13. Bxd5 0-0 14. Bg2 Qb6 15. Nh3 Ne5 16. Qb3 Qa7 17. 0-0 Be6 18. Qc2 Rac8 19. Bc3 b5 20. Ng5 g6 21. Qe4 Ng4 22. Nxe6 Nxf2 23. Rxf2 Bxf2+ 24. Kh1 fxe6 25. Qxe6+ Qf7 26. Qe5 Rxc3 27. Bd5 Rc2 28. Rf1 Rc5 29. Bxf7+ Rxf7 30. Qe8+ Kg7 31. Kg2 Rcf5 32. e4 Rf8 33. Qe7+ R5f7 34. Qe5+ Kg8 35. Qd5 Ba7 36. e5 Kg7 37. Rxf7+ Rxf7 38. e6 Re7 39. Qe5+ Kg8 40. Qd6 Kf8 41. Qd8+ Re8 42. Qf6+ 1-0

[Event "URU-chTA"]
[Site "Montevideo"]
[Date "2018.07.07"]
[Round "2.24"]
[White "Lanzilotta Mernies, Marcelo"]
[Black "Soto, Nicolas"]
[Result "1-0"]
[WhiteElo "1958"]
[BlackElo "1974"]
[PlyCount "81"]
[EventDate "2018.07.06"]
[EventType "team-swiss"]
[EventRounds "5"]
[EventCountry "URU"]
[SourceTitle "EXT 2019"]
[Source "ChessBase"]
[SourceDate "2018.10.10"]
[SourceVersion "1"]
[SourceVersionDate "2018.10.10"]
[SourceQuality "1"]
[WhiteTeam "Trebejos"]
[BlackTeam "Proa"]
[WhiteTeamCountry "URU"]
[BlackTeamCountry "URU"]

1. e4 e6 2. d3 d5 3. Nd2 Nf6 4. Ngf3 c5 5. g3 Nc6 6. Bg2 Be7 7. 0-0 0-0 8. c3 b6 9. Re1 Bb7 10. e5 Nd7 11. Nf1 Qc7 12. Bf4 a5 13. h4 a4 14. Ne3 b5 15. Ng4 Qd8 16. Bg5 b4 17. Qc2 d4 18. cxd4 cxd4 19. Qe2 a3 20. Rac1 axb2 21. Qxb2 Bxg5 22. Nxg5 Qb6 23. Be4 h6 24. Nf3 Nc5 25. Rxc5 Qxc5 26. Rc1 Qb6 27. Qd2 Ne7 28. Nf6+ Kh8 29. Nd7 Qb5 30. Nxf8 Bxe4 31. dxe4 Rxf8 32. Qxd4 Qe2 33. Kg2 Qxa2 34. Qd6 Ng6 35. h5 Kg8 36. hxg6 fxg6 37. Qxb4 Qe2 38. Rc3 g5 39. Qc4 Qb2 40. Qxe6+ Kh7 41. Rc8 1-0

[Event "URU-chTA"]
[Site "Montevideo"]
[Date "2018.07.06"]
[Round "1.34"]
[White "Rodriguez Farias, Victor Hugo"]
[Black "Lanzilotta Mernies, Marcelo"]
[Result "0-1"]
[WhiteElo "1875"]
[BlackElo "1958"]
[PlyCount "70"]
[EventDate "2018.07.06"]
[EventType "team-swiss"]
[EventRounds "5"]
[EventCountry "URU"]
[SourceTitle "EXT 2019"]
[Source "ChessBase"]
[SourceDate "2018.10.10"]
[SourceVersion "1"]
[SourceVersionDate "2018.10.10"]
[SourceQuality "1"]
[WhiteTeam "Trebejos II"]
[BlackTeam "Trebejos"]
[WhiteTeamCountry "URU"]
[BlackTeamCountry "URU"]

1. c4 c6 2. e4 d5 3. exd5 cxd5 4. d4 Nf6 5. Nc3 e6 6. Nf3 Nc6 7. Bd3 Be7 8. 0-0 0-0 9. a3 b6 10. Re1 Bb7 11. Bg5 Rc8 12. cxd5 Nxd5 13. Ne4 Bxg5 14. Nexg5 h6 15. Ne4 Nf4 16. Bc2 Qd5 17. Qd2 Ne7 18. Qxf4 Rxc2 19. Nc3 Qf5 20. Qg3 Bxf3 21. gxf3 Rd8 22. Re5 Qg6 23. d5 Qxg3+ 24. fxg3 Nxd5 25. Rd1 Rxb2 26. Nxd5 Rxd5 27. Rexd5 exd5 28. Rxd5 Rb3 29. Rd8+ Kh7 30. Rd7 Rxa3 31. Rxf7 a5 32. Rb7 Rb3 33. f4 a4 34. f5 a3 35. f6 a2 0-1

[Event "Montevideo Cuartos Trebejos"]
[Site "Montevideo"]
[Date "2017.12.20"]
[Round "5.4"]
[White "Salguero, Rafael"]
[Black "Lanzilotta Mernies, Marcelo"]
[Result "1-0"]
[WhiteElo "1881"]
[BlackElo "1999"]
[PlyCount "59"]
[EventDate "2017.12.11"]
[EventType "swiss"]
[EventRounds "5"]
[EventCountry "URU"]
[SourceTitle "EXT 2024"]
[Source "ChessBase"]
[SourceDate "2023.10.10"]
[SourceVersion "1"]
[SourceVersionDate "2023.10.10"]
[SourceQuality "1"]

1. e4 c5 2. Nc3 e6 3. f4 a6 4. Nf3 Nc6 5. Be2 d5 6. d3 Nf6 7. 0-0 Be7 8. h3 Nd4 9. e5 Nd7 10. a4 b6 11. Be3 Nf5 12. Bf2 Bb7 13. d4 h5 14. Bd3 cxd4 15. Bxd4 Nxd4 16. Nxd4 Bc5 17. Nce2 Qe7 18. c3 a5 19. Kh2 f6 20. Bg6+ Kd8 21. f5 exf5 22. e6 Ne5 23. Bxf5 g6 24. Bc2 Qd6 25. Kh1 Ke7 26. Bxg6 Kd8 27. Rxf6 Qe7 28. Qf1 Ba6 29. Rf7 Nxf7 30. Nc6+ 1-0

[Event "Montevideo Cuartos Trebejos"]
[Site "Montevideo"]
[Date "2017.12.18"]
[Round "4.4"]
[White "Lanzilotta Mernies, Marcelo"]
[Black "Barboza, Mauro"]
[Result "1/2-1/2"]
[WhiteElo "1999"]
[BlackElo "1892"]
[PlyCount "105"]
[EventDate "2017.12.11"]
[EventType "swiss"]
[EventRounds "5"]
[EventCountry "URU"]
[SourceTitle "EXT 2024"]
[Source "ChessBase"]
[SourceDate "2023.10.10"]
[SourceVersion "1"]
[SourceVersionDate "2023.10.10"]
[SourceQuality "1"]

1. e4 e5 2. Nf3 Nc6 3. Nc3 Nf6 4. Bc4 Bc5 5. 0-0 d6 6. h3 h6 7. a4 0-0 8. d3 Be6 9. Bxe6 fxe6 10. Ne2 Nh5 11. c3 Rxf3 12. gxf3 Qh4 13. Kg2 Rf8 14. b4 Bxb4 15. cxb4 Rf6 16. Rh1 Rg6+ 17. Kf1 Rf6 18. Be3 Rxf3 19. Ng1 Rf7 20. Qg4 Ng3+ 21. Kg2 Qxg4 22. hxg4 Nxh1 23. b5 Nxf2 24. Bxf2 Nb4 25. Ra3 c5 26. bxc6 Nxc6 27. Nf3 Kf8 28. a5 a6 29. Nd2 Ke8 30. Nc4 Kd7 31. Rb3 Kc7 32. Bb6+ Kd7 33. Bc5 Nxa5 34. Nxa5 dxc5 35. Rxb7+ Ke8 36. Rb8+ Ke7 37. Nc4 Kf6 38. Ra8 Rd7 39. Rf8+ Rf7 40. Rc8 Rd7 41. Rxc5 Rxd3 42. Nxe5 Re3 43. Nd7+ Ke7 44. Ne5 Rxe4 45. Kf3 Ra4 46. Nc4 g6 47. Rc7+ Kf6 48. Nd2 Ra3+ 49. Kf4 g5+ 50. Ke4 Rg3 51. Kd4 Rxg4+ 52. Ne4+ Kg6 53. Re7 1/2-1/2

[Event "Montevideo Cuartos Trebejos"]
[Site "Montevideo"]
[Date "2017.12.15"]
[Round "3.1"]
[White "Avedisian, Alexander"]
[Black "Lanzilotta Mernies, Marcelo"]
[Result "1-0"]
[WhiteElo "1923"]
[BlackElo "1999"]
[PlyCount "71"]
[EventDate "2017.12.11"]
[EventType "swiss"]
[EventRounds "5"]
[EventCountry "URU"]
[SourceTitle "EXT 2024"]
[Source "ChessBase"]
[SourceDate "2023.10.10"]
[SourceVersion "1"]
[SourceVersionDate "2023.10.10"]
[SourceQuality "1"]

1. g3 b6 2. Bg2 Nc6 3. Nf3 Bb7 4. 0-0 d6 5. b3 Qd7 6. Bb2 0-0-0 7. a4 e5 8. d3 f5 9. a5 Nxa5 10. b4 Nc6 11. b5 Na5 12. c4 Be7 13. Bc3 Bf6 14. Bxa5 bxa5 15. Rxa5 e4 16. Rxa7 exf3 17. Qa4 Qe6 18. Bxf3 Bxf3 19. exf3 Kd7 20. Qa5 Ne7 21. Re1 Qxe1+ 22. Qxe1 Bd4 23. Rb7 Kc8 24. Rxc7+ Kxc7 25. Qxe7+ Rd7 26. Qe6 Bc5 27. Nc3 Rhd8 28. Qd5 Re8 29. Qc6+ Kd8 30. Nd5 Re1+ 31. Kg2 Ra7 32. d4 Bxd4 33. Qxd6+ Kc8 34. b6 Rb7 35. c5 Rd7 36. Qc6+ 1-0

[Event "Montevideo Trebejos op 11"]
[Site "Montevideo"]
[Date "2017.11.20"]
[Round "6"]
[White "Carvalho, Guillermo"]
[Black "Lanzilotta Mernies, Marcelo"]
[Result "1-0"]
[WhiteElo "2168"]
[BlackElo "1992"]
[PlyCount "60"]
[EventDate "2017.11.08"]
[EventType "swiss"]
[EventRounds "7"]
[EventCountry "URU"]
[SourceTitle "CBM 181 Extra"]
[Source "ChessBase"]
[SourceDate "2017.12.12"]
[SourceVersion "1"]
[SourceVersionDate "2017.12.12"]
[SourceQuality "1"]

1. c4 c6 2. e4 d5 3. exd5 cxd5 4. d4 Nc6 5. Nc3 Nf6 6. Bg5 Be6 7. Nf3 g6 8. c5 Bg7 9. Be2 0-0 10. 0-0 Bf5 11. Qb3 Qd7 12. Bb5 Be4 13. Bxf6 Bxf3 14. gxf3 exf6 15. Nxd5 Rfd8 16. Nb4 Qh3 17. Bxc6 Rxd4 18. f4 Qxb3 19. axb3 Rxb4 20. Bd5 a6 21. Bc4 f5 22. Rfd1 Bxb2 23. Ra2 Bg7 24. Rd7 Bh6 25. Bd5 Rb8 26. Rxf7 Kh8 27. Bc4 Bxf4 28. Re2 Bg5 29. f4 Bh4 30. Rd2 Rd8 1-0

[Event "Montevideo Trebejos op 11"]
[Site "Montevideo"]
[Date "2017.11.17"]
[Round "5"]
[White "Lanzilotta Mernies, Marcelo"]
[Black "Carbone, Diego"]
[Result "0-1"]
[WhiteElo "1992"]
[BlackElo "2186"]
[PlyCount "68"]
[EventDate "2017.11.08"]
[EventType "swiss"]
[EventRounds "7"]
[EventCountry "URU"]
[SourceTitle "CBM 181 Extra"]
[Source "ChessBase"]
[SourceDate "2017.12.12"]
[SourceVersion "1"]
[SourceVersionDate "2017.12.12"]
[SourceQuality "1"]

1. Nf3 c5 2. g3 Nc6 3. Bg2 g6 4. 0-0 Bg7 5. d3 d5 6. Nbd2 Nf6 7. e4 0-0 8. c3 e5 9. Re1 dxe4 10. dxe4 Qc7 11. Qc2 h6 12. a4 Be6 13. Bf1 Rfd8 14. Bc4 Bg4 15. a5 Nxa5 16. Nxe5 Nxc4 17. Ndxc4 Be6 18. f4 b5 19. Nd2 Ng4 20. Ndf3 Kh7 21. Nxg4 Bxg4 22. Kf2 Qc6 23. h3 Bxh3 24. Rh1 Bg4 25. Ne5 Qe6 26. Be3 Bxe5 27. fxe5 h5 28. Bxc5 Qxe5 29. Bd4 Rxd4 30. cxd4 Qxd4+ 31. Kf1 Rc8 32. Qf2 Qxe4 33. Qxf7+ Kh8 34. Qf4 Qxh1+ 0-1

[Event "Montevideo Trebejos op 11"]
[Site "Montevideo"]
[Date "2017.11.13"]
[Round "3"]
[White "Lanzilotta Mernies, Marcelo"]
[Black "Toledo, Javier"]
[Result "1-0"]
[WhiteElo "1992"]
[BlackElo "1884"]
[PlyCount "59"]
[EventDate "2017.11.08"]
[EventType "swiss"]
[EventRounds "7"]
[EventCountry "URU"]
[SourceTitle "CBM 181 Extra"]
[Source "ChessBase"]
[SourceDate "2017.12.12"]
[SourceVersion "1"]
[SourceVersionDate "2017.12.12"]
[SourceQuality "1"]

1. e4 c5 2. d3 e6 3. Nf3 d5 4. Nbd2 Nc6 5. g3 Nf6 6. Bg2 Be7 7. 0-0 b6 8. Re1 Bb7 9. e5 Nd7 10. Nf1 Qc7 11. Bf4 h6 12. h4 g5 13. hxg5 hxg5 14. Nxg5 Bxg5 15. Bxg5 Ncxe5 16. Bf4 d4 17. Rxe5 Nxe5 18. Bxe5 Qxe5 19. Bxb7 Rb8 20. Bc6+ Ke7 21. Bg2 Rh6 22. Qf3 Rbh8 23. a4 Rf6 24. Qe4 Qh5 25. a5 b5 26. Re1 Rfh6 27. Qb7+ Kf8 28. Qb8+ Ke7 29. Qxa7+ Kf6 30. Qb7 1-0

[Event "Montevideo Bouza Memorial"]
[Site "Montevideo"]
[Date "2017.07.24"]
[Round "5"]
[White "Toledo, Javier"]
[Black "Lanzilotta Mernies, Marcelo"]
[Result "1/2-1/2"]
[WhiteElo "1868"]
[BlackElo "2020"]
[PlyCount "80"]
[EventDate "2017.07.12"]
[EventType "swiss"]
[EventRounds "7"]
[EventCountry "URU"]
[SourceTitle "EXT 2018"]
[Source "ChessBase"]
[SourceDate "2017.10.13"]
[SourceVersion "1"]
[SourceVersionDate "2017.10.13"]
[SourceQuality "1"]

1. e4 d6 2. d4 Nd7 3. Nc3 e5 4. Nf3 Ngf6 5. Bc4 Be7 6. 0-0 0-0 7. h3 a5 8. a4 c6 9. Re1 h6 10. Ba2 Re8 11. d5 Nc5 12. Nh2 Qb6 13. Qf3 Qb4 14. dxc6 bxc6 15. Ng4 Bxg4 16. hxg4 Bf8 17. Bxh6 d5 18. Bd2 Qxb2 19. exd5 Qxc2 20. Rad1 e4 21. Qf5 Rad8 22. g5 Nxd5 23. Bb1 Qb2 24. Nxe4 Nxe4 25. Bxe4 g6 26. Qf3 Bg7 27. Bxa5 Bc3 28. Rxd5 Bxa5 29. Rxd8 Bxd8 30. Rb1 Qa2 31. Rb7 Qa1+ 32. Kh2 Qe5+ 33. g3 Re7 34. Rxe7 Bxe7 35. Bxc6 Bxg5 36. Bb5 Kg7 37. Bc4 f5 38. Qb7+ Be7 39. Qd5 Qxd5 40. Bxd5 Bb4 1/2-1/2

[Event "Montevideo Bouza Memorial"]
[Site "Montevideo"]
[Date "2017.07.21"]
[Round "4"]
[White "Lanzilotta Mernies, Marcelo"]
[Black "Rodriguez Lazo, Luis A"]
[Result "1/2-1/2"]
[WhiteElo "2020"]
[BlackElo "1850"]
[PlyCount "223"]
[EventDate "2017.07.12"]
[EventType "swiss"]
[EventRounds "7"]
[EventCountry "URU"]
[SourceTitle "EXT 2018"]
[Source "ChessBase"]
[SourceDate "2017.10.13"]
[SourceVersion "1"]
[SourceVersionDate "2017.10.13"]
[SourceQuality "1"]

1. e4 c6 2. d4 d5 3. exd5 cxd5 4. c4 dxc4 5. Bxc4 Qc7 6. Qb3 Be6 7. Na3 Bxc4 8. Nxc4 Nf6 9. Be3 e6 10. Rc1 Nc6 11. a3 Be7 12. Nf3 Na5 13. Qa4+ Nc6 14. Nce5 Qa5+ 15. Qxa5 Nxa5 16. b4 Nc6 17. Nxc6 bxc6 18. Ne5 a5 19. Nxc6 axb4 20. axb4 Nd5 21. b5 Ba3 22. Rb1 Kd7 23. 0-0 f6 24. Bd2 Nc7 25. Na5 Rhb8 26. Rb3 Be7 27. b6 Nd5 28. b7 Ra7 29. Rfb1 Bd8 30. Nc4 Kc6 31. Rc1 Kd7 32. Rcb1 Kc6 33. Re1 Kd7 34. Reb1 Kc6 35. Rc1 Kd7 36. Rg3 g6 37. Rh3 h5 38. g4 hxg4 39. Rh7+ Be7 40. Na5 Ra6 41. Kg2 Rb6 42. Kg3 Rb2 43. Bh6 Ra2 44. Rc5 Ra3+ 45. Kg2 Rh3 46. Rb5 Nc3 47. Rb3 Nd5 48. Rxh3 gxh3+ 49. Kxh3 Kc7 50. Rxe7+ Nxe7 51. Bf4+ e5 52. dxe5 Nd5 53. Bg3 f5 54. e6+ f4 55. Bh4 Kb6 56. Nc4+ Kc5 57. Ne5 Rxb7 58. Nxg6 Kd6 59. e7 Rb8 60. Kg4 Rg8 61. Kf5 f3 62. Bg5 Nc3 63. Kf6 Ne4+ 64. Kf7 Ra8 65. Bf4+ Kd5 66. Be3 Nd6+ 67. Kf6 Ke4 68. Ke6 Ne8 69. h4 Ra6+ 70. Kf7 Nd6+ 71. Kg8 Ra8+ 72. Kh7 Nf5 73. Bc5 Kd5 74. Bb6 Re8 75. Bd8 Ke6 76. h5 Kf6 77. h6 Nd6 78. Nh4 Nf7 79. Nxf3 Nxd8 80. exd8Q+ Rxd8 81. Nh2 Rd7+ 82. Kg8 Kg6 83. Kf8 Rd4 84. f3 Rf4+ 85. Ke7 Kxh6 86. Ke6 Kg5 87. Ke5 Ra4 88. Ng4 Rf4 89. Nh2 Rf8 90. Ke4 Re8+ 91. Kd5 Kf4 92. Ng4 Re2 93. Kd6 Kxf3 94. Ne5+ Ke4 95. Nc6 Rd2+ 96. Kc5 Rd7 97. Kc4 Rc7 98. Kc5 Rc8 99. Kd6 Rh8 100. Kc5 Rh5+ 101. Kd6 Rd5+ 102. Ke6 Rd1 103. Ne5 Ra1 104. Nc6 Ra6 105. Kd6 Kf5 106. Kd5 Rb6 107. Kc5 Rb7 108. Kd6 Kf6 109. Nd4 Rb8 110. Kd5 Rd8+ 111. Ke4 Rxd4+ 112. Kxd4 1/2-1/2